عرض عادي
عرض مارك
- الشميلي، عائشة يوسف
مدخل إسم شخص
001 - رقم الضبط
- حقل الضبط: 63508
003 - معرف رقم الضبط
- حقل الضبط: OSt
005 - تاريخ ووقت أخر عملية
- حقل الضبط: 20180429150107.0
008 - عناصر بيانات ثابتة الطول
- حقل تحكم ثابت الطول: 180429|| aca||aabn | a|a d
040 ## - مصدر الفهرسة
- هيئة الفهرسة الأصلية: OSt
- وكالة الكتابة: OSt
100 ## - مدخل -- أسم شخص
- إسم شخص: الشميلي، عائشة يوسف
670 ## - بيانات المصدر موجوده
- الاستشهاد بالمصدر: Work cat.: (OSt): الشميلي، عائشة يوسف, برنامج تحسين العمليات والتطوير المؤسسي :, 2017.
